[Event "10th Norway Chess 2022"]
[Site "Stavanger"]
[Date "2022.06.09"]
[Round "8.1"]
[White "Giri, Anish"]
[Black "Tari, Aryan"]
[Result "1-0"]
[WhiteElo "2761"]
[BlackElo "2654"]
[Annotator "TA"]
[PlyCount "121"]
[EventDate "2022.05.30"]
[EventType "tourn"]
[EventCountry "NOR"]
[SourceTitle "playchess.com"]
[Source "ChessBase"]
[SourceQuality "1"]
[TimeControl "40/7200:0"]

{[%evp 11,121,7,10,22,14,15,31,0,0,3,13,23,18,17,54,47,39,31,39,46,54,45,38,42,56,51,50,54,83,59,81,62,71,37,102,96,97,45,126,122,147,148,142,133,129,124,106,105,135,124,137,147,169,142,156,155,153,153,146,134,144,0,144,119,204,152,189,119,131,99,134,99,158,0,0,0,0,0,0,0,0,-18,-16,-117,-121,-94,0,0,0,0,0,0,0,0,0,0,0,0,0,0,0,0,0,0,706,691,692,336,29976,29976,12841,6211]} 1. Nf3 {[%emt 0:00:04]} d5 {[%emt 0:00:35]} 2. d4 {[%emt 0:00:33]} Nf6 {[%emt 0:00:28]} 3. Bf4 {[%emt 0:00:15]} c5 {[%emt 0:01:31]} 4. e3 {[%emt 0:00:09]} Nc6 {[%emt 0:00:15]} 5. Nbd2 {[%emt 0:00:08]} Bg4 {[%emt 0:03:33]} 6. c3 {[%emt 0:03:29]} e6 {[%emt 0:00:17]} 7. Qb3 {[%emt 0:01:41] D02: 1 d4 d5 2 Nf3 sidelines, including 2...Nf6 3 g3 and 2...Nf6 3 Bf4.} Qc8 {[%emt 0:01:20]} 8. h3 {[%emt 0:00:21]} Bh5 {[%emt 0:00:33]} 9. Be2 $1 {[%emt 0:00:24][%mdl 4] White is slightly better. is recently more successful than 9.g4.} Be7 {[%emt 0:00:32]} 10. dxc5 {[%emt 0:01:52]} Bxc5 {[%emt 0:13:20] [#]} 11. g4 $146 {[%emt 0:03:03]} ({Predecessor:} 11. c4 O-O 12. O-O Rd8 13. cxd5 Nxd5 14. Bg5 Be7 15. Bxe7 Ndxe7 16. Rfd1 Qc7 17. Rac1 {0-1 (69) Pakleza,Z (2501)-Hovhannisyan,R (2642) Tornelo INT 2020}) 11... Bg6 {[%emt 0:00:18]} 12. Nh4 {[%emt 0:09:26]} Qd7 {[%emt 0:15:17]} 13. Nxg6 {[%emt 0:03:58]} hxg6 {[%emt 0:01:10]} 14. g5 $36 {[%emt 0:03:23][%mdl 2048] White is more active.} Nh5 {[%emt 0:10:53]} (14... Ne4 15. Nxe4 dxe4 16. Rd1 $16) 15. Bh2 {[%emt 0:00:17]} a6 {[%emt 0:02:26]} 16. O-O-O {[%emt 0:03:26]} b5 {[%emt 0:04:08] Inhibits c4.} 17. Kb1 {[%emt 0:03:02][%cal Oc3c4]} Bd6 {[%emt 0:14:00]} 18. Bxd6 {[%emt 0:03:08]} Qxd6 {[%emt 0:00:16]} 19. c4 {[%emt 0:11:24] cxd5 is the strong threat.} O-O {[%emt 0:21:38]} 20. cxd5 {[%emt 0:02:31]} (20. cxb5 $6 axb5 21. Rc1 Na5 22. Qxb5 Rfb8 $11) 20... exd5 {[%emt 0:00:02]} 21. Nf3 {[%emt 0:07:26] Inhibits d4.} (21. Ne4 $6 Qe7 22. Qxd5 Nb4 $11) 21... Rad8 {[%emt 0:00:25][%cal Od5d4]} 22. h4 {[%emt 0:07:46]} Rfe8 {[%emt 0:01:00]} (22... Qe7 $14) 23. Nd4 $16 {[%emt 0:01:34]} Ne5 {[%emt 0:02:19]} 24. Qa3 {[%emt 0:02:30]} (24. Rc1 $16) 24... Qb6 {[%emt 0:00:52]} (24... Qxa3 $14 25. bxa3 Nc4) 25. b3 {[%emt 0:00:50]} Rc8 {[%emt 0:02:15]} 26. Qb2 {[%emt 0:06:08]} Qd6 {[%emt 0:02:06]} 27. Rc1 {[%emt 0:01:34]} Qd7 {[%emt 0:02:08]} 28. Rxc8 {[%emt 0:01:26]} Rxc8 {[%emt 0:01:08]} 29. Qd2 {[%emt 0:01:02]} Ng4 {[%emt 0:03:02]} 30. Bf1 {[%emt 0:06:25][%cal Be2f1,Bf1g2,Bg2f3][%mdl 32]} Qe7 {[%emt 0:01:24] Threatens to win with ...Qe4+.} 31. Bg2 {[%emt 0:00:34] Against Qe4+} Qe5 {[%emt 0:00:15]} 32. a3 {[%emt 0:07:54]} Kh7 {[%emt 0:00:21]} 33. Ka2 $1 {[%emt 0:00:05] aiming for Bh3.} f5 {[%emt 0:00:51]} 34. Bf3 {[%emt 0:00:32]} Qd6 {[%emt 0:02:16]} 35. Bd1 {[%emt 0:01:41]} Re8 {[%emt 0:00:18]} 36. Bf3 {[%emt 0:00:52]} Rc8 $1 {[%emt 0:00:44]} 37. Qe2 {[%emt 0:00:55]} Rf8 {[%emt 0:00:01]} (37... Qe5 $16) 38. b4 {[%emt 0:01:03]} Qe5 {[%emt 0:00:38]} 39. Qd2 {[%emt 0:00:49]} (39. Qc2 $18) 39... Rc8 {[%emt 0:00:32]} 40. Nb3 {[%emt 0:01:43]} Rc4 {[%emt 0:00:52][%cal Of5f4]} 41. Rd1 {[%emt 2:02:17]} (41. Bxd5 Nxf2 $1 42. Bxc4 bxc4 $17) 41... f4 {[%emt 2:00:35]} (41... Rc8 $142) 42. exf4 $2 {[%emt 0:03:05]} (42. Bxg4 $6 fxe3 43. Qb2 (43. fxe3 Rxg4 44. Qxd5 Qxe3 $17) (43. Qe2 Nf4 $14) 43... Qxb2+ 44. Kxb2 Rxg4 45. fxe3 Rxh4 $16) (42. Na5 $1 $16 {[%cal Ra5c4]} fxe3 43. Nxc4 $1 dxc4 44. fxe3) 42... Rxf4 $11 {[%emt 0:00:31]} 43. Nd4 {[%emt 0:00:02]} Qc7 {[%emt 0:00:34]} 44. Kb1 {[%emt 0:01:38] Hoping for Ne6.} ({Not} 44. Bxd5 $2 Rxf2 45. Ne6 (45. Ne2 $2 Nf4 $19) 45... Qf7 $19) 44... Qf7 {[%emt 0:00:00] Prevents Ne6.} 45. Qe2 {[%emt 0:02:02]} Nh2 {[%emt 0:00:00][%csl LRf3,LRh4][%cal Rh2f3]} 46. Bxh5 {[%emt 0:00:02]} gxh5 {[%emt 0:00:00]} 47. Qd3+ {[%emt 0:00:06]} (47. Qc2+ $1 $11 Qg6 48. Ne6 Qxc2+ 49. Kxc2 Rxf2+ 50. Kd3) 47... Qg6 $1 $17 {[%emt 0:00:10]} 48. Ne6 {[%emt 0:00:21][%cal Bd4e6,Be6c7,Bc7e8,Be8f6][%mdl 32]} Rxf2 {[%emt 0:00:46]} (48... Rf5 $1 $17 49. Nc5 Nf3 50. Nxa6 Nxh4) 49. Qxg6+ $11 {[%emt 0:00:00]} Kxg6 {[%emt 0:00:00]} 50. Rxd5 $17 {[%emt 0:00:00][%mdl 4096] Endgame KRN-KRN} Kf7 {[%emt 0:00:04]} 51. Nc7 {[%emt 0:01:15]} Nf3 {[%emt 0:00:03]} 52. Rd7+ {[%emt 0:00:00]} Kg6 {[%emt 0:00:00]} 53. Ne8 {[%emt 0:00:22]} Re2 {[%emt 0:00:56]} (53... Nxh4 $2 54. Rxg7+ Kf5 55. Rf7+ Kxg5 56. Rxf2 $18) 54. Rxg7+ {[%emt 0:00:19]} Kf5 {[%emt 0:00:00]} 55. Rf7+ {[%emt 0:00:22]} Kg4 {[%emt 0:00:00]} 56. Nf6+ {[%emt 0:00:00]} Kxh4 {[%emt 0:00:00]} 57. g6 {[%emt 0:00:00]} Nd2+ $2 {[%emt 0:00:00][%mdl 8192] [#]} (57... Re1+ $11 58. Kc2 Re2+ 59. Kd1 Re1+ 60. Kc2 Re2+ 61. Kd1 Re1+ 62. Kc2) 58. Kc1 $1 $18 {[%emt 0:00:22]} Ne4 {[%emt 0:00:00]} 59. Re7 {[%emt 0:00:37]} (59. Nxe4 $142 Rxe4 60. g7 Re1+ 61. Kd2) 59... Nc3 $2 {[%emt 0:00:06] [#]} (59... Rg2 $18) 60. Rxe2 $1 {[%emt 0:00:14]} ({Stronger than} 60. g7 Na2+ 61. Kb1 Nc3+ 62. Kc1 Na2+ 63. Kd1 Nc3+ 64. Kc1 $11) 60... Nxe2+ {[%emt 0:00:00]} 61. Kd2 {[%emt 0:00:09] Weighted Error Value: White=0.21 (precise) /Black=0.29 (precise)} 1-0

[Event "10th Norway Chess 2022"]
[Site "Stavanger"]
[Date "2022.06.09"]
[Round "8.1"]
[White "Radjabov, Teimour"]
[Black "Wang, Hao"]
[Result "1/2-1/2"]
[WhiteElo "2753"]
[BlackElo "2744"]
[Annotator "TA"]
[PlyCount "57"]
[EventDate "2022.05.30"]
[EventType "tourn"]
[EventCountry "NOR"]
[SourceTitle "playchess.com"]
[Source "ChessBase"]
[SourceQuality "1"]
[TimeControl "40/7200:0"]

{[%evp 9,57,10,8,0,8,19,12,12,16,11,11,12,11,14,9,9,14,12,8,8,21,16,24,21,16,14,18,16,20,24,14,26,15,0,76,0,0,0,0,0,0,0,0,0,0,0,0,0,0,0]} 1. e4 {[%emt 0:00:05] Huzman,A} e5 {[%emt 0:01:47]} 2. Nf3 {[%emt 0:00:07]} Nf6 {[%emt 0:00:14]} 3. d4 {[%emt 0:07:57]} Nxe4 {[%emt 0:00:28]} 4. Bd3 {[%emt 0:02:39]} Nc6 {[%emt 0:02:45]} 5. dxe5 {[%emt 0:06:50]} Nc5 {[%emt 0:00:31]} 6. Nc3 {[%emt 0:16:52] C43: Petroff Defence: 3 d4.} Nxd3+ {[%emt 0:19:19]} 7. Qxd3 {[%emt 0:00:14]} d6 {[%emt 0:00:03]} 8. Bf4 {[%emt 0:07:02]} dxe5 {[%emt 0:01:44] [#]} 9. Qxd8+ $146 {[%emt 0:09:05]} ({Predecessor:} 9. Nxe5 Qxd3 10. Nxd3 Bd6 11. Nb5 a6 12. Nxd6+ cxd6 13. Bxd6 Bf5 14. O-O-O O-O-O 15. Nf4 {1-0 (35) Rublevsky,S (2671)-Iordachescu,V (2627) Tripoli 2004 CBM 102 [Huzman,A]}) 9... Nxd8 {[%emt 0:01:27]} 10. Bxe5 {[%emt 0:00:24] Nd5 is the strong threat.} Ne6 {[%emt 0:05:14]} 11. O-O-O {[%emt 0:06:32][%cal Ba1d1,Bd1d4,Bd4a4][%mdl 32]} Bd7 {[%emt 0:16:25]} 12. Nd4 {[%emt 0:06:10]} Nxd4 {[%emt 0:00:35]} 13. Rxd4 {[%emt 0:00:34]} O-O-O {[%emt 0:00:49]} 14. Rhd1 {[%emt 0:01:23]} f6 {[%emt 0:08:00]} 15. Bg3 {[%emt 0:00:45]} c6 $1 {[%emt 0:11:01] Prevents Nd5.} 16. Ra4 $36 {[%emt 0:13:05][%mdl 2048] White is more active.} a6 {[%emt 0:16:46]} 17. Rad4 {[%emt 0:01:04] aiming for Na4.} Bc5 {[%emt 0:02:05] [#]} 18. Ne4 $1 {[%emt 0:05:52]} Be7 {[%emt 0:01:32]} 19. Bd6 {[%emt 0:05:04]} Rhe8 {[%emt 0:00:50]} 20. Bxe7 {[%emt 0:00:15]} Rxe7 {[%emt 0:00:05]} 21. Nc5 {[%emt 0:00:02]} b6 {[%emt 0:06:12]} (21... a5 $1 $11) 22. Nxd7 {[%emt 0:10:29] White is more active.} (22. Nxa6 $16 Kb7 23. Nb4) 22... Rexd7 {[%emt 0:00:26] The position is equal.} 23. Rxd7 {[%emt 0:00:04]} Rxd7 $16 {[%emt 0:00:05][%mdl 4096] Endgame KR-KR} 24. Re1 {[%emt 0:00:02]} Kc7 {[%emt 0:01:47]} 25. Re6 {[%emt 0:00:07]} Rd6 {[%emt 0:00:13]} 26. Re7+ {[%emt 0:00:03]} Rd7 {[%emt 0:00:06]} 27. Re6 {[%emt 0:00:08]} Rd6 {[%emt 0:00:08]} 28. Re7+ {[%emt 0:00:03]} Rd7 {[%emt 0:00:04]} 29. Re6 {[%emt 0:00:04] An even fight not without its subleties.  Weighted Error Value: White=0.06 (flawless) /Black=0.06 (flawless)} 1/2-1/2

[Event "10th Norway Chess 2022"]
[Site "Stavanger"]
[Date "2022.06.09"]
[Round "8.1"]
[White "Anand, Viswanathan"]
[Black "Mamedyarov, Shakhriyar"]
[Result "0-1"]
[WhiteElo "2751"]
[BlackElo "2770"]
[Annotator "TA"]
[PlyCount "43"]
[EventDate "2022.05.30"]
[EventType "tourn"]
[EventCountry "NOR"]
[SourceTitle "playchess.com"]
[Source "ChessBase"]
[SourceQuality "1"]
[TimeControl "40/7200:0"]

{[%evp 9,43,14,15,22,33,6,6,3,20,8,15,4,15,14,18,6,6,9,14,0,0,0,0,0,0,0,10,-5,-10,-17,-4,-4,-4,-18,-16,-1389]} 1. e4 {[%emt 0:00:03]} e5 {[%emt 0:00:05]} 2. Nf3 {[%emt 0:00:10]} Nf6 {[%emt 0:00:11]} 3. Nxe5 {[%emt 0:00:54]} d6 {[%emt 0:00:08]} 4. Nf3 {[%emt 0:00:12]} Nxe4 {[%emt 0:00:07]} 5. Bd3 {[%emt 0:01:06]} Nf6 {[%emt 0:02:58]} 6. O-O {[%emt 0:00:22] C42: Petroff Defence: 3 Nxe5 and unusual White 3rd moves.} Be7 {[%emt 0:00:03]} 7. Re1 {[%emt 0:00:40]} O-O {[%emt 0:00:04] The position is equal.} 8. Bf1 {[%emt 0:00:09]} d5 {[%emt 0:06:13]} 9. d4 {[%emt 0:00:44]} Re8 {[%emt 0:00:05]} 10. c4 {[%emt 0:02:20]} Bg4 {[%emt 0:07:07]} 11. Nc3 {[%emt 0:10:15]} Nc6 {[%emt 0:01:03]} 12. cxd5 {[%emt 0:00:43]} Nxd5 {[%emt 0:00:13]} 13. h3 {[%emt 0:00:39]} Bh5 {[%emt 0:04:08]} 14. a3 {[%emt 0:07:34] [#]} Nxc3 $146 {[%emt 0:07:30]} ({Predecessor:} 14... Qd7 15. g4 Bg6 16. Bg2 Nxc3 17. bxc3 Bd6 18. Be3 Be4 19. c4 b6 20. c5 Bf8 21. Ne5 Qd5 22. Bxe4 Qxe4 23. Nxc6 Qxc6 24. d5 Qa4 25. Qxa4 {1-0 (25) Grischuk,A (2766)-Duda,J (2737) Chess.com INT 2018}) 15. bxc3 {[%emt 0:00:17]} Bd6 {[%emt 0:00:06]} 16. Be3 {[%emt 0:13:20]} Qf6 {[%emt 0:06:29]} 17. Bd3 {[%emt 0:06:56]} h6 {[%emt 0:08:57]} 18. g4 {[%emt 0:01:53]} Bg6 {[%emt 0:01:49] [#] Threatens to win with ...Bxd3.} 19. Kg2 {[%emt 0:03:46]} Bxd3 {[%emt 0:05:04]} 20. Qxd3 {[%emt 0:00:08]} Ne7 {[%emt 0:00:07]} 21. Bd2 {[%emt 0:03:44]} Ng6 {[%emt 0:11:44][%cal Of6f3] Strongly threatening ...Qxf3+!} 22. Qb5 $2 {[%emt 0:03:00][%mdl 8192] Weighted Error Value: White=0.05 (flawless) /Black=0.04 (flawless)} (22. Qf5 $11) 0-1

[Event "10th Norway Chess 2022"]
[Site "Stavanger"]
[Date "2022.06.09"]
[Round "8.2"]
[White "Carlsen, Magnus"]
[Black "Vachier-Lagrave, Maxime"]
[Result "1-0"]
[WhiteElo "2864"]
[BlackElo "2750"]
[Annotator "TA"]
[PlyCount "107"]
[EventDate "2022.05.30"]
[EventType "tourn"]
[EventCountry "NOR"]
[SourceTitle "playchess.com"]
[Source "ChessBase"]
[SourceQuality "1"]

{[%evp 16,107,26,25,22,13,17,12,12,19,0,8,21,0,22,29,43,29,47,0,0,0,43,33,25,3,9,0,0,0,0,-10,0,-14,-7,0,0,-43,-39,-130,-123,-129,-137,-112,0,0,0,0,0,-76,-63,-454,-230,-236,-125,-142,0,-157,-166,-298,0,0,0,0,0,0,0,-42,-40,-51,-49,-58,0,0,0,0,0,0,0,0,0,0,0,0,12843,12843,12844,0,0,0,0,0,12842,12843]} 1. d4 Nf6 {[%emt 0:00:02]} 2. c4 {[%emt 0:00:01]} g6 3. Nc3 {[%emt 0:00:01]} d5 4. cxd5 {[%emt 0:00:02]} Nxd5 5. e4 {[%emt 0:00:01]} Nxc3 {[%emt 0:00:02]} 6. bxc3 Bg7 7. Bb5+ {[%emt 0:00:01][%cal Bf1b5,Bb5a4,Ba4b3,Bb3c2][%mdl 32]} c6 {[%emt 0:00:01]} 8. Ba4 {[%emt 0:00:01]} b5 {[%emt 0:00:07]} 9. Bb3 {[%emt 0:00:01]} a5 {[%emt 0:00:02] D85: Exchange Grünfeld: Unusual White 7th moves and lines with 7 Nf3.} 10. Nf3 {[%emt 0:00:01]} O-O {[%emt 0:00:09][%cal Oc6c5]} 11. O-O {[%emt 0:00:07]} a4 {[%emt 0:00:02] The position is equal.} 12. Bc2 c5 {[%emt 0:00:06]} 13. Rb1 {[%emt 0:00:05]} Nc6 {[%emt 0:00:07][%cal Rc5d4] [#]} 14. e5 $146 {[%emt 0:00:04]} (14. d5 $5 {[%cal Rd5c6]} Ne5 15. Bf4 $14 (15. Rxb5 Ba6 $15) (15. Nxe5 Bxe5 16. Qe1 Ba6 $11)) ({Predecessor:} 14. d5 Ne5 15. Nxe5 Bxe5 16. Bh6 Ba6 17. Bxf8 Kxf8 18. f4 Bxc3 19. Rf3 Qa5 20. e5 {1-0 (40) Dubov,D (2702)-Nepomniachtchi,I (2784) Moscow 2020}) 14... Rb8 {[%emt 0:00:25]} 15. Be4 {[%emt 0:00:08]} Bf5 {[%emt 0:00:02]} 16. Bxf5 {[%emt 0:00:27]} gxf5 {[%emt 0:00:01]} 17. Qd3 {[%emt 0:01:21]} (17. dxc5 $14 {feels stronger.} Nxe5 18. Nd4) 17... Qd7 $11 {[%emt 0:01:42]} 18. Rd1 {[%emt 0:00:09]} (18. Rxb5 Nxe5 $1 19. Nxe5 Qxb5 $17) 18... Rfd8 {[%emt 0:00:08]} 19. Bf4 {[%emt 0:00:04][%cal Bc1f4,Bf4g5,Bg5f6][%mdl 32]} (19. Rxb5 $2 Nxe5 $1 {[%mdl 512]} 20. dxe5 Qxb5 21. Qxd8+ Rxd8 22. Rxd8+ Bf8 $19) 19... cxd4 {[%emt 0:00:33]} 20. cxd4 {[%emt 0:00:17]} e6 $1 {[%emt 0:00:22]} 21. Bg5 {[%emt 0:00:02]} (21. Rxb5 Nb4 22. Rxb4 Rxb4 $17) 21... Rdc8 {[%emt 0:00:01]} 22. Qe3 {[%emt 0:00:11]} (22. Rxb5 Nb4 23. Rxb4 Rxb4 $17) 22... Ne7 {[%emt 0:00:06] Hoping for ...Nd5.} 23. Bf6 {[%emt 0:00:02]} h6 {[%emt 0:00:08] Inhibits Qg5.} 24. Qf4 {[%emt 0:00:05]} Ng6 {[%emt 0:00:18]} 25. Qg3 {[%emt 0:00:01] Strongly threatening h4.} Kh7 {[%emt 0:00:01]} 26. d5 {[%emt 0:00:11]} exd5 {[%emt 0:00:14]} 27. Rb4 {[%emt 0:00:42]} ({Better is} 27. Nd4 $15) 27... Rc4 $17 {[%emt 0:00:14]} 28. Rxc4 {[%emt 0:00:08]} bxc4 29. e6 {[%emt 0:00:02] [#]} Qxe6 $1 {[%emt 0:00:01]} 30. Qxb8 $11 {[%emt 0:00:12]} (30. Bxg7 $2 f4 31. Qh3 Kxg7 $19) 30... Bxf6 {[%emt 0:00:01]} 31. Re1 {[%emt 0:00:33]} Qd7 {[%emt 0:00:11] Threatens to win with ...d4.} 32. Qb6 {[%emt 0:00:42]} (32. h4 $11 {remains equal.} h5 33. Rb1) 32... Kg7 $17 {[%emt 0:00:06]} 33. g3 $2 {[%emt 0:00:02][%mdl 8192]} (33. Qb4 $15) 33... f4 {[%emt 0:00:11]} (33... d4 $142 34. Rd1 d3) 34. Qc5 {[%emt 0:00:12] [#] Against Qd5} fxg3 {[%emt 0:00:02]} (34... Qf5 $1 $19 {...fxg3 is the strong threat.} 35. Kg2 (35. Nd4 $2 Qd3 $19) 35... c3) 35. hxg3 Nf4 {[%emt 0:00:11]} 36. Qe3 {[%emt 0:00:16]} ({Much worse is} 36. Ne5 Bxe5 37. Rxe5 Nd3 38. Qxd5 Nxe5 39. Qxe5+ Kg8 $17) ({Only move:} 36. gxf4 $11 Qg4+ 37. Kf1 Qxf3 38. Re8) 36... Nd3 {[%emt 0:00:06]} 37. Rb1 {[%emt 0:00:02]} (37. Rd1 $142) 37... Qe6 $2 {[%emt 0:00:09]} ({Black should try} 37... d4 $19 38. Qe4 Qe6 39. Qxe6 fxe6) 38. Rb7 $11 {[%emt 0:00:13] Qxe6 would kill now.} Qxe3 {[%emt 0:00:04]} 39. fxe3 {[%emt 0:00:01][%mdl 4096] Endgame KRN-KBN} c3 {[%emt 0:00:21] White must now prevent ...c2.} 40. Rc7 {[%emt 0:00:01]} Nb4 41. Ne1 {[%emt 0:00:20]} (41. Nd4 $5 {[%cal Rc7c3]}) 41... Be5 {[%emt 0:00:04]} 42. Rc8 {[%emt 0:00:11]} Bxg3 {[%emt 0:00:02]} 43. Kf1 {[%emt 0:00:11]} Bxe1 {[%emt 0:00:12]} (43... Nxa2 $15 44. Nc2 Bd6) 44. Kxe1 Nxa2 $15 {[%emt 0:00:02] KR-KN} 45. Kd1 a3 {[%emt 0:00:07]} 46. Rb8 {[%emt 0:00:01]} h5 {[%emt 0:00:04]} 47. Kc2 {[%emt 0:00:03]} h4 {[%emt 0:00:02]} 48. Rb1 {[%emt 0:00:21] aiming for Kb3.} Kf6 {[%emt 0:00:11]} 49. Kb3 {[%emt 0:00:04][%csl LRa2,LRa3]} Nb4 $2 {[%emt 0:00:04][%mdl 8192]} 50. Kxb4 $18 {[%emt 0:00:02]} a2 51. Ra1 $2 {[%emt 0:00:07]} ({Less strong is} 51. Rf1+ Ke5 $18) (51. Rg1 $18 Ke5 52. Kxc3) 51... c2 $11 {[%emt 0:00:02]} 52. Kc3 {[%emt 0:00:04]} h3 {[%emt 0:00:01]} 53. Kxc2 {[%emt 0:00:01]} Kg5 $2 {[%mdl 8192]} (53... Kf5 $11) 54. Kd3 {[%emt 0:00:47] Quite a comeback for White.  Weighted Error Value: White=0.45/Black=0.27 (precise)} 1-0

[Event "10th Norway Chess 2022"]
[Site "Stavanger"]
[Date "2022.06.09"]
[Round "8.2"]
[White "So, Wesley"]
[Black "Topalov, Veselin"]
[Result "0-1"]
[WhiteElo "2766"]
[BlackElo "2730"]
[Annotator "TA"]
[PlyCount "84"]
[EventDate "2022.05.30"]
[EventType "tourn"]
[EventCountry "NOR"]
[SourceTitle "playchess.com"]
[Source "ChessBase"]
[SourceQuality "1"]

{[%evp 9,84,4,10,0,32,19,40,39,26,20,27,10,7,0,14,-15,-11,-30,-7,-16,-4,-12,-12,-37,-14,-71,-60,-97,-87,-124,-124,-122,-113,-113,-65,-68,-78,-72,-25,-72,-70,-80,0,0,0,-20,0,0,0,-275,-272,-279,-282,-249,-266,-279,-258,-259,-263,-297,-296,-252,-197,-194,-187,-236,-157,-1542,-1335,-1794,-1780,-1716,-1583,-1241,-1227,-29980,-29980]} 1. c4 {[%emt 0:00:02]} c5 {[%emt 0:00:02]} 2. g3 {[%emt 0:00:01]} g6 {[%emt 0:00:02]} 3. Bg2 Bg7 {[%emt 0:00:02]} 4. Nc3 {[%emt 0:00:01]} Nc6 {[%emt 0:00:01]} 5. d3 {[%emt 0:00:01]} d6 {[%emt 0:00:08]} 6. Qd2 {[%emt 0:00:01] A36: Symmetrical English vs ...g6: 4 Bg2 Bg7.} Qa5 $5 {[%emt 0:00:12][%mdl 4] Exploring less charted territory.} 7. e3 {[%emt 0:00:28]} Bxc3 {[%emt 0:00:03]} 8. bxc3 {[%emt 0:00:02] [#] White is slightly better.} Bd7 $146 {[%emt 0:00:04]} ({Predecessor:} 8... f5 9. Nh3 Nf6 10. Rb1 Qc7 11. O-O Bd7 12. Qe2 e5 {½-½ (30) Aronian,L (2758)-Ivanchuk,V (2686) Batumi 2019}) 9. Rb1 {[%emt 0:00:24]} O-O-O {[%emt 0:00:12]} 10. Nf3 {[%emt 0:00:15]} f5 {[%emt 0:00:10]} 11. Qb2 {[%emt 0:00:13][%csl Gb1][%cal Rb2b7] [#]} Qc7 {[%emt 0:00:03]} 12. Ng5 {[%emt 0:00:14]} Rf8 {[%emt 0:00:14] Against Nf7} 13. f4 {[%emt 0:00:11]} Nf6 {[%emt 0:00:10]} 14. O-O {[%emt 0:00:02]} h6 {[%emt 0:00:04]} 15. Nf3 {[%emt 0:00:01]} b6 {[%emt 0:00:05]} 16. a4 {[%emt 0:00:54][%cal Oe3e4]} Na5 {[%emt 0:00:13]} 17. Qc2 {[%emt 0:00:28]} (17. e4 $11 {remains equal.}) 17... Bc6 $17 {[%emt 0:00:03]} 18. Rb5 {[%emt 0:00:07][%cal Oe3e4]} Rhg8 {[%emt 0:00:15]} 19. Nd2 {[%emt 0:00:55][%cal Oe3e4]} Bxg2 {[%emt 0:00:03]} 20. Kxg2 {[%emt 0:00:01]} e5 {[%emt 0:00:03]} 21. Kg1 {[%emt 0:00:35]} Re8 {[%emt 0:00:15]} (21... e4 $17 22. dxe4 Qe7 23. exf5 Qxe3+ 24. Rf2 (24. Kh1 $2 Qe2 $19) 24... gxf5 25. Qxf5+ Kc7) 22. fxe5 {[%emt 0:00:07]} dxe5 {[%emt 0:00:09]} 23. e4 {[%emt 0:00:08]} Qd7 {[%emt 0:00:42]} ({Black should try} 23... Ng4 $17 {Strongly threatening ...Ne3.} 24. Nb1 (24. exf5 $2 Ne3 $19) 24... Qd7) 24. Rxa5 {[%emt 0:00:32]} bxa5 {[%emt 0:00:01]} 25. Nb3 {[%csl LRa5,LRc5,LRh6]} Rd8 {[%emt 0:00:13]} (25... Qxa4 $17 {White must now prevent ...Re6.} 26. Bxh6 g5 27. exf5 (27. Rxf5 Nd7 $17) 27... e4) 26. Nxc5 $11 {[%emt 0:00:04]} Qc6 27. Nb3 {[%emt 0:00:22]} fxe4 {[%emt 0:00:05][%cal Bf5e4,Be4e3,Be3e2][%mdl 32]} 28. d4 (28. Qf2 Nd7 29. Qxa7 exd3 $17) 28... e3 {[%emt 0:00:16]} 29. d5 $2 {[%emt 0:00:14][%mdl 8192] [#]} (29. Nxa5 $11 {and White is okay.} Qe4 30. Qxe4 Nxe4 31. Bxe3) 29... Qxc4 $1 $19 {[%emt 0:00:07]} 30. Rxf6 {Threatens to win with Rc6+.} (30. Nxa5 Qxd5) 30... e2 {[%emt 0:00:02]} 31. Bd2 {[%emt 0:00:44] Hoping for Rc6+.} Rxd5 {[%emt 0:00:02]} 32. Be1 {[%emt 0:00:10]} Rd1 {[%emt 0:00:30]} ({Stronger than} 32... Qxa4 33. c4 Rd1 34. Kf2 $11) 33. Kf2 {And now Nd2 would win.} Rgd8 {[%cal Od1e1]} ({Weaker is} 33... Qxa4 34. c4 Rgd8 35. Kxe2 $11) 34. Qxg6 {[%emt 0:00:41]} Qxb3 {The board is on fire.} 35. Qf5+ {[%emt 0:00:06]} Kb8 {[%emt 0:00:11]} 36. Qxe5+ {[%emt 0:00:03]} Ka8 37. Qxe2 {[%emt 0:00:24]} (37. Qxa5 {was called for.} R1d6 38. Rf4) 37... Qb7 {...Qh1 is the strong threat.} 38. Rxh6 $2 {[%emt 0:00:17] Loses the game.} (38. Rf4 $17) 38... Rb1 {( -> ...Rb2)} 39. Kg1 {[%emt 0:00:15]} Rb2 {[%emt 0:00:22]} 40. Qf1 Re8 {[%emt 0:00:06] aiming for ...Qe4.} 41. Rf6 {[%emt 0:00:02]} Rb1 {[%emt 0:00:06]} 42. Kf2 {[%emt 0:00:11]} Rbxe1 {[%emt 0:00:10] Weighted Error Value: White=0.68/Black=0.10 (very precise)} 0-1